01808nam a2200265 a 4500001001000000005001700010008004100027041000800068044000700076084002000083100004500103245009400148260005200242300002500294500052600319500029100845500009501136500001001231650005201241650005601293650003401349650004501383700006401428740005001492BRCA_258120190320203856.0271108s1876----sp-#---###---#000-0dspa-u aspa asp a175b.R64c18761 aCervantes Saavedra, Miguel ded1547-161610aEl Ingenioso Hidalgo D. Quijote de la Manchaccompuesto por Miguel de Cervantes Saavedra. aCádizbJosé Rodríguez y Rodríguezc1876 a3 v.c21 cm.e1 mapa aContenido : v 1. Vida de Miguel de Cervantes S. por Ramón León Mainez. Primera parte. Principios de la edición príncipe. Advertencia de Mainez. Dedicatoria del autor. Prólogo de autor. Versos preliminares. Comentarios, notas y apéndices. Mapa del campo de Montiel en 1575. -- v 2. Notas y apéndices. Texto. -- v 4. Segunda parte del Ingenioso Caballero D. Quijote de la Mancha. Principios de la edición príncipe. Dedicatoria del autor. Prólogo del autor. Apéndices. Texto. -- v 3. Apéndices. Texto aDirigido al Duque de Béjar. Impreso por primera vez en Madrid por Juan de la Cuesta el año de 1605, y ahora de nuevo publicado por vez primera en Cádiz por José Rodríguez y Rodríguez, bajo la dirección de Ramón León Mainez, director de la Crónica de los Cervantistas aEjemplar igual al LO-174. Semipiel; lomeras decoradas con adornos dorados Lúdovik Osterc aQM16814aNovela españolayÉpoca clásica, 1500-170014aLiteratura españolayÉpoca clásica, 1500-170014aNovela españolaySiglo XVII14aDon Quijote (Personaje ficticio)eNovela1 aMáinez Fernández, Ramón Leónd1847-1917eBiógrafo0 aEl Ingenioso Hidalgo Don Quijote de la Mancha